Datum a čas kvízu
31
Celkem bodů
Celkový počet nahraných bodů na tomto kvízu bez doplňovacích otázek.
2.
Pořadí na kvízu
Konečné umístění týmu na tomto kvízu.
Zaznamenané odpovědi
| # | Otázka | Odpověď | Body | Výsledky |
|---|---|---|---|---|
| 2. | Sarah Mullally stanula minulý... | o anglikánskou církev | 0 | |
| 3. | Minulý pátek vyšlo již 12. stu... | The Life of a Showgirl | 0 | |
| 4. | Od 1. října 2025 došlo na Leti... | 2 000 mililitrů | 1 | |
| 5. | Nejvyšší česká fotbalová liga... | FC Viktoria Plzeň, FK Pardubice | 0.5 | |
| 1. | Socha koně Arda nacházející se... | Avatar | 1 | |
| 6. | Wikipedii s nejvyšší pravděpod... | z havajštiny | 1 | |
| 7. | Fanoušci kvízu občas jistě se... | A | 0 | |
| 8. | Dobrým zdrojem informací jsou... | Michal Suchánek, Richard Genzer | 1 | |
| 9. | Mnemotechnické pomůcky se hodí... | struny na kytaře (pořadí strun/tónů) | 1 | |
| 10. | Někdy však k úspěchu v kvízu s... | 1B 2C 3A 4D | 1 |